Change in social movements: Comparing two cases from India and South Africa (Record no. 533794)

000 -LEADER
fixed length control field 00709nam a22001457a 4500
008 - FIXED-LENGTH DATA ELEMENTS--GENERAL INFORMATION
fixed length control field 260624b ||||| |||| 00| 0 eng d
100 ## - MAIN ENTRY--PERSONAL NAME
Personal name Menon, Meena
245 ## - TITLE STATEMENT
Title Change in social movements: Comparing two cases from India and South Africa
260 ## - PUBLICATION, DISTRIBUTION, ETC. (IMPRINT)
Place of publication, distribution, etc Economic & Political Weekly
300 ## - PHYSICAL DESCRIPTION
Extent 61(23), Jun 6, 2026: p.34--35
520 ## - SUMMARY, ETC.
Summary, etc How Social Movements Imagine: Anthropology of Protest and the Newer Social Movements in India and South Africa by Bobby Luthra Sinha, Abingdon, Oxon: Routledge 2025; pp 312, `1,595.- Reproduced

https://www.epw.in/journal/book-reviews/change-social-movements.html
773 ## - HOST ITEM ENTRY
Main entry heading Economic & Political Weekly
906 ## - LOCAL DATA ELEMENT F, LDF (RLIN)
Subject DIP BOOK REVIEW
942 ## - ADDED ENTRY ELEMENTS (KOHA)
Item type Articles
Holdings
Withdrawn status Lost status Source of classification or shelving scheme Damaged status Not for loan Permanent location Current location Date acquired Serial Enumeration / chronology Barcode Date last seen Koha item type
          Indian Institute of Public Administration Indian Institute of Public Administration 2026-06-24 61(23), Jun 6, 2026: p.34--35 AR139256 2026-06-24 Articles

Powered by Koha